Statistics for Marvel and DC - Heroes and Villains

Click here to take the quiz!

General Stats

  • This quiz has been taken 182 times
    (44 since last reset)
  • The average score is 97 of 335

Answer Stats

HintAnswer% Correct
MarvelBlack Widow
100%
MarvelHulk
100%
MarvelIron Man
100%
MarvelCaptain America
94%
MarvelThor
94%
MarvelSpiderman
94%
MarvelBlack Panther
94%
MarvelLoki
94%
DCBatman
89%
MarvelWasp
89%
MarvelThanos
89%
DCSuperman
89%
MarvelHawkeye
89%
MarvelAnt-Man
89%
MarvelWolverine
89%
MarvelMagneto
83%
MarvelCaptain Marvel
83%
MarvelVenom
83%
MarvelBeast
83%
DCJoker
83%
MarvelVision
78%
DCHarley Quinn
78%
MarvelDaredevil
78%
MarvelProfessor X
78%
MarvelDr. Strange
78%
MarvelWinter Soldier
78%
DCRiddler
78%
MarvelSandman
78%
MarvelScarlet Witch
78%
DCWonder Woman
78%
MarvelRocket
78%
DCAquaman
72%
MarvelDeadpool
72%
MarvelIron Fist
72%
MarvelFalcon
72%
MarvelGamora
72%
MarvelGreen Goblin
72%
MarvelStar-Lord
72%
MarvelQuicksilver
72%
DCFlash
72%
DCCyborg
72%
MarvelGroot
72%
DCGreen Lantern
72%
MarvelThe Thing
72%
MarvelMr. Fantastic
72%
DCKiller Croc
67%
MarvelCyclops
67%
MarvelSpider-Woman
67%
MarvelShe-Hulk
67%
DCGreen Arrow
67%
MarvelDr. Octopus
67%
MarvelHuman Torch
67%
DCDeadshot
67%
MarvelIceman
61%
MarvelInvisible Woman
61%
DCRobin
61%
MarvelJean Grey
61%
MarvelWar Machine
61%
DCPenguin
61%
DCSHAZAM!
61%
MarvelDr. Doom
61%
MarvelStorm
61%
MarvelUltron
56%
MarvelLuke Cage
56%
MarvelNightcrawler
56%
DCBane
56%
DCScarecrow
56%
DCBatgirl
56%
DCLex Luthor
56%
DCMartian Manhunter
56%
DCSupergirl
56%
DCDarkseid
56%
DCCatwoman
56%
MarvelNick Fury
50%
MarvelMysterio
50%
DCDeathstroke
50%
DCPoison Ivy
50%
DCTwo-Face
50%
MarvelDrax
50%
MarvelPunisher
50%
MarvelRogue
50%
DCMr. Freeze
50%
MarvelElectro
50%
MarvelGalactus
50%
DCRaven
50%
MarvelGhost Rider
50%
DCStarfire
50%
DCBlue Beetle
44%
MarvelRed Skull
44%
DCSuperboy
44%
MarvelNebula
44%
MarvelMystique
44%
MarvelHercules
44%
MarvelMs. Marvel
44%
MarvelCarnage
44%
MarvelRhino
44%
MarvelMantis
44%
MarvelVulture
44%
DCRas Al Ghul
44%
DCCaptain Boomerang
44%
MarvelJuggernaut
44%
DCSinestro
44%
MarvelElektra
44%
DCBrainiac
39%
MarvelApocalypse
39%
DCGorilla Grodd
39%
MarvelBlade
39%
MarvelMoon Knight
39%
DCAtom
39%
DCDoomsday
39%
DCBlack Canary
39%
MarvelColossus
39%
MarvelCable
39%
DCBlack Manta
39%
DCAres
39%
MarvelScorpion
33%
DCZatanna
33%
DCHawkgirl
33%
MarvelSilver Surfer
33%
DCZod
33%
MarvelBullseye
33%
DCHawkman
33%
DCBatwoman
33%
MarvelCaptain Britain
33%
MarvelMephisto
33%
DCClayface
33%
DCCaptain Cold
33%
MarvelWonder Man
33%
DCNightwing
33%
MarvelYellowjacket
33%
MarvelYondu
33%
DCBlack Adam
33%
MarvelMandarin
33%
DCFirestorm
28%
DCDr. Fate
28%
DCMad Hatter
28%
DCMan-Bat
28%
MarvelX-23
28%
DCBlack Mask
28%
DCZoom
28%
MarvelRed Hulk
28%
DC | MarvelEnchantress
28%
MarvelBlack Cat
28%
MarvelPyro
28%
MarvelGambit
28%
MarvelPsylocke
28%
DCReverse Flash
28%
DCAnimal Man
22%
DCSolomon Grundy
22%
DCArsenal
22%
MarvelHavok
22%
DCBizarro
22%
DCSwamp Thing
22%
MarvelDazzler
22%
MarvelEmma Frost
22%
MarvelMedusa
22%
DCLois Lane
22%
DCDr. Manhattan
22%
MarvelBlink
22%
MarvelBlack Bolt
22%
DCHeat Wave
22%
MarvelBanshee
22%
DCAmanda Waller
22%
DCKiller Frost
22%
MarvelSabertooth
22%
DCRed Tornado
22%
MarvelNova
22%
DCPlastic Man
22%
DCDr. Light
17%
MarvelKang
17%
DCOcean Master
17%
MarvelLongshot
17%
MarvelJubilee
17%
DCVixen
17%
MarvelGrandmaster
17%
MarvelGuardian
17%
DCLobo
17%
DCAtrocitus
17%
DCAquagirl
17%
DCVandal Savage
17%
DCBig Barda
17%
DCBlack Lightning
17%
DCOracle
17%
DCConstantine
17%
MarvelDormammu
17%
DCParasite
17%
DCCaptain Atom
17%
DCKatana
17%
MarvelPolaris
17%
DCBooster Gold
17%
MarvelQuake
17%
DCMera
17%
MarvelBishop
17%
DCQuestion
17%
DCDeadman
11%
MarvelShocker
11%
MarvelForge
11%
MarvelCollector
11%
MarvelCrystal
11%
MarvelChameleon
11%
DCDespero
11%
DCUltraman
11%
MarvelProwler
11%
MarvelDeathlok
11%
MarvelTalos
11%
DCDr. Mid-Nite
11%
DCKrypto
11%
MarvelAnnihilus
11%
MarvelMimic
11%
DCKing Shark
11%
DCRick Flag
11%
DCOwlman
11%
DCRip Hunter
11%
DCRorschach
11%
MarvelMachine Man
11%
MarvelLeader
11%
MarvelLegion
11%
MarvelBlackheart
11%
MarvelBlue Marvel
11%
DCAlfred Pennyworth
11%
DCMr. Miracle
11%
DCAmethyst
11%
DCCatman
11%
DCAnti-Monitor
11%
MarvelPuppet Master
6%
MarvelCannonball
6%
DCHourman
6%
MarvelDarwin
6%
MarvelCaptain Universe
6%
DCJay Garrick
6%
DCEclipso
6%
MarvelAurora
6%
MarvelMonitor
6%
MarvelGladiator
6%
DCAtlanna
6%
MarvelImpossible Man
6%
MarvelWizard
6%
MarvelLockheed
6%
MarvelVulcan
6%
DCMr. Terrific
6%
MarvelNomad
6%
DCAnarky
6%
MarvelSuper-Skrull
6%
MarvelJack of Hearts
6%
MarvelSunfire
6%
MarvelMan-Wolf
6%
MarvelRed Guardian
6%
MarvelUnion Jack
6%
DCAzrael
6%
DCStarman
6%
DCStarro
6%
MarvelOmega Red
6%
MarvelThunderbird
6%
DCParallax
6%
MarvelMole Man
6%
DCMetallo
6%
MarvelFin Fang Foom
6%
MarvelOnslaught
6%
MarvelMan-Thing
6%
DCPandora
0%
DCOrca
0%
DCKrona
0%
DCTelos
0%
DCNekron
0%
DCPrometheus
0%
DCSnowflame
0%
DCManchester Black
0%
DCMongul
0%
DCMidnighter
0%
DCLucius Fox
0%
DCWally West
0%
Marvel8-Ball
0%
DCHeckler
0%
MarvelHornet
0%
MarvelOrphan-Maker
0%
MarvelMr. Payback
0%
MarvelMorlun
0%
MarvelMarrow
0%
MarvelMajor Victory
0%
MarvelMaggott
0%
MarvelMadame Hydra
0%
MarvelKronos
0%
MarvelKing Cobra
0%
MarvelJoseph
0%
MarvelJocasta
0%
MarvelIkaris
0%
MarvelGrim Reaper
0%
MarvelRed Goblin
0%
MarvelGrey Hulk
0%
MarvelGrey Goblin
0%
MarvelGorilla-Man
0%
MarvelFat Cobra
0%
MarvelDoop
0%
MarvelDark Angel
0%
MarvelColonel America
0%
MarvelCecilia Reyes
0%
MarvelCatseye
0%
MarvelCassie Lang
0%
MarvelCaptain Barracuda
0%
MarvelArsenic
0%
MarvelAnti-Venom
0%
MarvelPuff Adder
0%
MarvelRevanche
0%
DCHangman
0%
DCAmazing Man
0%
DCGeist
0%
DCFloronic Man
0%
DCDead Girl
0%
DCCyclone
0%
DCCreeper
0%
DCCaptain Comet
0%
DCBlue Devil
0%
DCBloodsport
0%
DCBleez
0%
DCBlack Racer
0%
DCBlack Hand
0%
DCAtomic Skull
0%
DCAnomaly
0%
DCAgamemno
0%
MarvelSaberclaw
0%
MarvelZzzax
0%
MarvelYellow Claw
0%
MarvelX-Ray
0%
MarvelWhirlwind
0%
MarvelVormund
0%
MarvelVenus Dee Milo
0%
MarvelUnus
0%
MarvelUnicorn
0%
MarvelUltimo
0%
MarvelToxin
0%
MarvelSpidfire
0%
MarvelSmiling Tiger
0%
MarvelSage
0%
MarvelTyrak
0%

Score Distribution

Percentile by Number Answered

Percent of People with Each Score

Your Score History

You have not taken this quiz since the last reset